00651fam a2200169 a 4500020003500000020003600035040000800071082002600079100002400105245007400129260005600203300003300259500008600292650003500378650002800413710004000441 a0520208897 (alk. paper : pbk.) a0520076885 (alk. paper : cloth) cDLC00a338 UNI 1992 A064 Or.1 aGerlach, Michael L.10aAlliance capitalism :bthe social organization of Japanese business / aBerkeley :bUniversity of California Press,cc1992. axxii, 351 p.bill. ;c24 cm. aSponsored by the Center for Japanese Studies, University of California, Berkeley. 0aStrategic alliances (Business) 0aIndustrial organization2 aUniversity of California, Berkeley.